| 000 | 00661cam a2200205 4500500 | ||
|---|---|---|---|
| 005 | 20260405004012.0 | ||
| 041 | _afre | ||
| 042 | _adc | ||
| 100 | 1 | 0 |
_aArdeois, Iris _eauthor |
| 245 | 0 | 0 | _aFaut-il interdire la pornographie ? Catharine MacKinnon face à Ronald Dworkin |
| 260 | _c2026. | ||
| 500 | _a44 | ||
| 690 | _aCatharine MacKinnon | ||
| 690 | _aFéminisme | ||
| 690 | _aLibéralisme | ||
| 690 | _aPornographie | ||
| 690 | _aRonald Dworkin | ||
| 786 | 0 | _nPhilosophie magazine | 197 | 2 | 2026-02-01 | p. 119-120 | 1951-1787 | |
| 856 | 4 | 1 | _uhttps://shs.cairn.info/magazine-philosophie-magazine-2026-2-page-119?lang=fr&redirect-ssocas=7080 |
| 999 |
_c2072797 _d2072797 |
||